Sports Quiz

Random Sports Quiz

Detroit Red Wings Captains Quiz Stats

 Plays Quiz not verified by Sporcle

Support Sporcle.
Go Orange.
Score 0/31 Timer 10:00
0 Plays Today
Year Name % Correct
1941-1942Syd Howe
98.6%
1958-1962Gordie Howe
98.6%
1986-2006Steve Yzerman
98.6%
2006-PresentNicklas Lidstrom
97.1%
1952-1956Ted Lindsay
85.5%
1942-1943Sid Abel
75.4%
1945-1946William 'Flash' Hollett & Sid Abel
75.4%
1946-1952Sid Abel
75.4%
1962-1973Alex Delvecchio
71%
1956-1958Red Kelly
52.2%
1982-1986Danny Gare
47.8%
1974-1975Marcel Dionne
46.4%
1981-1982Reed Larson
43.5%
1932-1933Larry Aurie
36.2%
1944-1945William 'Flash' Hollett
33.3%
1979-1980Dale McCourt
30.4%
Year Name % Correct
1934-1935Ebbie Goodfellow
29%
1938-1941Ebbie Goodfellow
29%
1978-1979Dennis Hextall & Nick Libett & Paul Woods
21.7%
1980-1981Errol Thompson
21.7%
1935-1938Doug Young
20.3%
1976-1977Dennis Polonich
20.3%
1933-1934Herbie Lewis
18.8%
1943-1944Modere 'Mud' Bruneteau
18.8%
1977-1978Dan Maloney
18.8%
1926-1927Art Duncan
15.9%
1927-1930George Hay
15.9%
1930-1931George Hay
15.9%
1975-1976Danny Grant & Terry Harper
15.9%
1931-1932Carson Cooper
14.5%
1973-1974Nick Libett & Red Berenson & Gary Bergman & Ted Harris & Mickey Redmond & Larry Johnston
14.5%

You're not logged in!

Compare scores with friends on all Sporcle quizzes.
OR
Log In
Remove Ads.
Support Sporcle.
Get the best of Sporcle when you Go Orange. This ad-free experience offers more features, more stats, and more fun while also helping to support Sporcle. Thank you for becoming a member.

Show Comments

Extras

Top Quizzes Today


Score Distribution

Your Account Isn't Verified!

In order to create a playlist on Sporcle, you need to verify the email address you used during registration. Go to your Sporcle Settings to finish the process.

Report this User

Report this user for behavior that violates our Community Guidelines.

Details: